000
00322pam a2200133a 44500
008
230405s2007 xxu||||| |||| 00| 0 eng d
041
_a
ENG
100
_a
Fletcher hickey
245
_a
Instant Notes Genetics
260
_a
_b
Taylor and francis group llc 270
_c
2007
300
_a
379
700
_a
winter
906
_a
9266
999
_c
299765
_d
299765